000 00424nam a2200157 4500
001 126492
003 ES-MaACL
005 20230906192829.0
007 t|
008 070214s1906 gw r ||||1| ger d
245 0 0 _aSystematische rechtswissenschaft /
_cvon Rudolf Stammler [et. al.].
260 _aBerlin :
_bTeubner,
_c1906.
300 _aLIX, 526 p.
700 1 _aStammler, Rudolf.
_9107878
852 _aES-MaACL
_jG-910
999 _c126492
_d126492